02532nam a22002417a 4500003001700000005001700017008004100034020001800075040000700093041001200100082001700112100002600129245006400155260004200219300002400261365006200285520168000347650003402027700004802061942001202109999001902121952015002140St Aloysius Coll20250729113047.0250729b |||||||| |||| 00| 0 eng d a9789364371889 cAL aEnglish a570.02bNAGN aAshish Nagesh9220611 aNTA CSIR UGC NET SET Life Sciences b: JRF and Lecturership aNew DelhibArihant Publicationsc2025 a1237pbPBc27x21cm. 2Generala1941b₹796.00c₹d₹995.00e20%f14-07-2025 aUNIT I: Basic Physical and Chemical Concepts in Biology, Bioenergetics and Catalysis, Organization and Metabolism of Biomolecules, UNIT II: The Cell: Structure and Function, Structure of Chromosome and Cell Cycle, UNIT II: DNA Replication, Repair and Recombination, RNA Synthesis and Processing, Protein Synthesis and Processing, Control of Gene Expression, UNIT IV: Host Parasite Interactions, Cell Signaling and Cellular Communication, Cancer, UNIT V: Immune System, Concepts and Early Development in Plants and Animals, UNIT VI: Morphogenesis and Organogenesis in Plants and Animals, Physiological Metabolism in Plants, Growth Hormone and Photobiology, UNIT VII: Solute Transport and Stress Physiology, Digestion and Respiratory System, Blood Vascular System, Excretory System and Thermoregulation, Neuroendocrine System and Reproduction, UNIT VIII: Mendelis and its Extensions, Gene Mapping, Extrachromosomal Inheritance and Microbial Genetics, Human and Quantitative Genetics, Genetic Variation, UNIT XI: Classification of Livings, Indian Sub-Continent and its Organisms, UNIT X: The Environment and Population, Community Dynamics, Ecosystem Physiology, Pollution and Biodiversity Conservation, UNIT XI: Origin of Life and Evolutionary Thoughts, Evolution: Methods of Studying and Mechanisms, Behaviour and Evolution, UNIT XII: Applied Biology, UNIT XIII: Molecular Biology and Recombinant DNA Methods, Histochemical and Immunotechniques, Biophysical Methods, Statistical Methods, Radiolabeling Techniques, Microscopic Techniques, Electrophysiological Methods, Methods in Field Biology, Computational Methods, Sample Questions Provided on CSIR Website, Solved Paper 2024 2BiologyaLife Siences9220612 aKumar, PrashantdHossain, Quisher J9220613 2ddccBK c234680d234680 00102ddc40708GENaSACPGbSACPGd2025-07-28eBiblios Book Pointg796.00l0o570.02 NAGNpPG025067r2025-07-29 10:46:23v995.00w0000-00-00yBK